000 00784nam a2200289Ia 4500
008 170203s9999 xx 000 0 und d
020 _a0 783521839
050 _a0 30
050 _bK88v 1992
100 _aKovacs, Deborah.
245 _aVoyage of the micronauts :
245 _ba book about the human body /
245 _cauthor: Deborah Kovacs ; illustrator:
260 _aHong Kong :
260 _bTime Life, Asia,
260 _c1992
300 _a62 pages :
300 _bcolor illustrations ;
300 _c29 cm.
440 _aTime-Life early learning program.
650 _aExtraterrestrial beings --
650 _aHuman body --
650 _aScience fiction.
650 _xFiction.
650 _xFiction.
700 _aCooke, Tom, Illustrator.
999 _c305595
_d305595